000 00513nam a22001817a 4500
008 151013b xxu||||| |||| 00| 0 eng d
020 _a9780470131985
041 0 _aeng
080 _a339.138
100 1 _aMcDaniel, Carl D.
245 1 0 _aMarketing research essentials /
_cCarl McDaniel, Roger Gates.
250 _a6th ed.
260 _aHoboken, NJ :
_bJohn Wiley,
_c2008.
300 _axx, 493, [30] f. :
_bme il.;
_c26 cm.
650 0 _aHulumtim i marketingut
700 1 _aGates, Roger H.,
942 _2udc
_cBK
999 _c1262
_d1262